Onesto /
Příběh z italských hor sleduje osudy muže Onesta, jehož život se postupně odhaluje skrze dopisy plné vzpomínek na lásku, rodinu, válku i tajemství minulosti.
Uloženo v:
| Hlavní autor: | |
|---|---|
| Další autoři: | |
| Médium: | E-kniha |
| Jazyk: | Czech |
| Vydáno: |
Brno :
Host,
2026
|
| Vydání: | První vydání |
| Témata: | |
| Tagy: |
Žádné tagy |
| LEADER | 02479nam a2200433 i 4500 | ||
|---|---|---|---|
| 001 | 313746 | ||
| 003 | CZ PrSKC | ||
| 005 | 20260612062733.0 | ||
| 007 | ta | ||
| 008 | 260610s2026 xr g 000 f cze | ||
| 015 | |a cnb003758808 | ||
| 020 | |a 9788027529247 |q (vázáno) | ||
| 040 | |a ABG001 |b cze |e rda | ||
| 041 | 1 | |a cze |h ita | |
| 072 | 7 | |a 821.131.1-3 |x Italská próza |2 Konspekt | |
| 080 | |a 821.131.1-31 |2 MRF | ||
| 080 | |a (0:82-311.4) |2 MRF | ||
| 100 | 1 | |a Vidotto, Francesco, |d 1976- |7 xx0346341 |4 aut | |
| 240 | 1 | 0 | |a Onesto. |l Česky |
| 245 | 1 | 0 | |a Onesto / |c Francesco Vidotto ; přeložila Monika Štefková |
| 250 | |a První vydání | ||
| 264 | 1 | |a Brno : |b Host, |c 2026 | |
| 300 | |a 226 stran ; |c 21 cm | ||
| 336 | |a text |b txt |2 rdacontent | ||
| 337 | |a bez média |b n |2 rdamedia | ||
| 338 | |a svazek |b nc |2 rdacarrier | ||
| 500 | |a Přeloženo z italštiny | ||
| 520 | 2 | |a Příběh z italských hor sleduje osudy muže Onesta, jehož život se postupně odhaluje skrze dopisy plné vzpomínek na lásku, rodinu, válku i tajemství minulosti. |b Jedné deštivé noci uvidí spisovatel Francesco oknem ve své chatě v cadorských lesích muže stojícího uprostřed bouře. Pozve ho dál. A tak se seznámí se starým Guidem s tváří zvrásněnou jako útesy Dolomitů a očima modrýma jako horské nebe. Guidovu pozornost upoutá fotografie neznámé dívky, kterou Francesco našel pod převisem v horách. Francesco začne osamělého Guida navštěvovat a stařec ho požádá, aby mu předčítal ze svazku prastarých dopisů. Každý z nich je věnován jedné z okolních hor a společně vyprávějí o životě bratrů Onesta a Santa. Nkladatelská anotace. Kráceno. | |
| 655 | 7 | |a italské romány |7 fd132481 |2 czenas | |
| 655 | 7 | |a společenské romány |7 fd760851 |2 czenas | |
| 655 | 9 | |a Italian fiction |2 eczenas | |
| 655 | 9 | |a social novels |2 eczenas | |
| 700 | 1 | |a Štefková, Monika, |d 1992- |7 kv20181017772 |4 trl | |
| 710 | 2 | |a Host (vydavatelství) |7 ko2003163544 |4 pbl | |
| 900 | |a ABG001 |b 19 | ||
| 044 | |a xr | ||
| 910 | |a RBIT002 | ||
| 998 | |d 427756 |a https://core.palmknihy.cz/api/books/427756/cover?tgfmt1 |b https://core.palmknihy.cz/api/books/427756/cover/400?tgfmt1 |c https://core.palmknihy.cz/api/books/427756/cover/50?tgfmt1 |e 2031-04-03 |g 229 |i 9788027529247 |j https://core.palmknihy.cz/api/books/427756/preview.epub |k https://core.palmknihy.cz/api/books/427756/preview.pdf |l |q 49 |r 1 |s https://www.palmknihy.cz/kniha/427756 |t ebook |y 2026 |z 0 | ||
| 999 | |d 313744 | ||